<?xml version="1.0" encoding="UTF-8"?>
<record
    xmlns:xsi="http://www.w3.org/2001/XMLSchema-instance"
    xsi:schemaLocation="http://www.loc.gov/MARC21/slim http://www.loc.gov/standards/marcxml/schema/MARC21slim.xsd"
    xmlns="http://www.loc.gov/MARC21/slim">

  <leader>01674nam a22002537a 4500</leader>
  <controlfield tag="003">Uzh_bibl</controlfield>
  <controlfield tag="008">260210b        |||||||| |||| 00| 0 ukr d</controlfield>
  <datafield tag="020" ind1=" " ind2=" ">
    <subfield code="a">978-617-569-680-4</subfield>
    <subfield code="c">130.00</subfield>
  </datafield>
  <datafield tag="040" ind1=" " ind2=" ">
    <subfield code="b">&#x443;&#x43A;&#x440;.</subfield>
  </datafield>
  <datafield tag="041" ind1=" " ind2=" ">
    <subfield code="2">ukr</subfield>
    <subfield code="a">ukr</subfield>
  </datafield>
  <datafield tag="080" ind1=" " ind2=" ">
    <subfield code="a">53</subfield>
  </datafield>
  <datafield tag="090" ind1=" " ind2=" ">
    <subfield code="a">53</subfield>
    <subfield code="b">&#x424; 44</subfield>
  </datafield>
  <datafield tag="100" ind1=" " ind2=" ">
    <subfield code="a">&#x424;&#x435;&#x44F;,&#x41E;&#x43B;&#x435;&#x433;</subfield>
  </datafield>
  <datafield tag="245" ind1=" " ind2=" ">
    <subfield code="a">&#x41F;&#x440;&#x438;&#x433;&#x43E;&#x434;&#x438; &#x444;&#x456;&#x437;&#x438;&#x447;&#x43D;&#x438;&#x445; &#x437;&#x430;&#x43A;&#x43E;&#x43D;&#x456;&#x432;</subfield>
    <subfield code="c">&#x456;&#x43B;.&#x41E;.&#x413;&#x43B;&#x443;&#x43C;&#x447;&#x435;&#x440;</subfield>
    <subfield code="h">&#x422;&#x435;&#x43A;&#x441;&#x442;</subfield>
  </datafield>
  <datafield tag="260" ind1=" " ind2=" ">
    <subfield code="a">&#x41A;&#x438;&#x457;&#x432;</subfield>
    <subfield code="b">&#x422;&#x435;&#x43C;&#x43F;&#x43E;&#x440;&#x430;</subfield>
    <subfield code="c">2025</subfield>
  </datafield>
  <datafield tag="300" ind1=" " ind2=" ">
    <subfield code="a">544 &#x441;.</subfield>
    <subfield code="b">&#x456;&#x43B;.</subfield>
    <subfield code="f">&#x412; &#x43E;&#x43F;&#x440;.</subfield>
  </datafield>
  <datafield tag="520" ind1=" " ind2=" ">
    <subfield code="a">&#x412;&#x456;&#x434; &#x441;&#x43F;&#x43E;&#x441;&#x442;&#x435;&#x440;&#x435;&#x436;&#x435;&#x43D;&#x43D;&#x44F; &#x437;&#x430; &#x437;&#x43E;&#x440;&#x44F;&#x43D;&#x438;&#x43C; &#x43D;&#x435;&#x431;&#x43E;&#x43C; &#x434;&#x43E; &#x43A;&#x432;&#x430;&#x43D;&#x442;&#x43E;&#x432;&#x43E;&#x457; &#x437;&#x430;&#x43F;&#x43B;&#x443;&#x442;&#x430;&#x43D;&#x43E;&#x441;&#x442;&#x456;, &#x432;&#x456;&#x434; &#x43F;&#x435;&#x440;&#x448;&#x43E;&#x433;&#x43E; &#x442;&#x435;&#x43B;&#x435;&#x441;&#x43A;&#x43E;&#x43F;&#x430; &#x434;&#x43E; &#x412;&#x435;&#x43B;&#x438;&#x43A;&#x43E;&#x433;&#x43E; &#x430;&#x434;&#x440;&#x43E;&#x43D;&#x43D;&#x43E;&#x433;&#x43E; &#x43A;&#x43E;&#x43B;&#x430;&#x439;&#x434;&#x435;&#x440;&#x430;, &#x432;&#x456;&#x434; &#x430;&#x43D;&#x442;&#x438;&#x447;&#x43D;&#x438;&#x445; &#x43C;&#x438;&#x441;&#x43B;&#x438;&#x442;&#x435;&#x43B;&#x456;&#x432; &#x434;&#x43E; &#x43D;&#x43E;&#x431;&#x435;&#x43B;&#x456;&#x432;&#x441;&#x44C;&#x43A;&#x438;&#x445; &#x43B;&#x430;&#x443;&#x440;&#x435;&#x430;&#x442;&#x456;&#x432; &#x43E;&#x441;&#x442;&#x430;&#x43D;&#x43D;&#x456;&#x445; &#x434;&#x435;&#x441;&#x44F;&#x442;&#x438;&#x43B;&#x456;&#x442;&#x44C; &#x2014; &#x41E;&#x43B;&#x435;&#x433; &#x424;&#x435;&#x44F; &#x440;&#x43E;&#x437;&#x43F;&#x43E;&#x432;&#x456;&#x434;&#x430;&#x454; &#x456;&#x441;&#x442;&#x43E;&#x440;&#x456;&#x44E; &#x444;&#x456;&#x437;&#x438;&#x447;&#x43D;&#x438;&#x445; &#x434;&#x43E;&#x441;&#x43B;&#x456;&#x434;&#x456;&#x432;, &#x432;&#x456;&#x434;&#x43A;&#x440;&#x438;&#x442;&#x442;&#x456;&#x432; &#x456; &#x437;&#x430;&#x43A;&#x43E;&#x43D;&#x456;&#x432;. &#x41F;&#x438;&#x448;&#x435; &#x43F;&#x440;&#x43E; &#x442;&#x435;, &#x44F;&#x43A; &#x43D;&#x430;&#x439;&#x432;&#x438;&#x434;&#x430;&#x442;&#x43D;&#x456;&#x448;&#x456; &#x444;&#x456;&#x437;&#x438;&#x43A;&#x438; &#x437;&#x43C;&#x430;&#x433;&#x430;&#x43B;&#x438;&#x441;&#x44F; &#x43C;&#x456;&#x436; &#x441;&#x43E;&#x431;&#x43E;&#x44E;, &#x434;&#x43E;&#x434;&#x430;&#x43B;&#x438; &#x43F;&#x435;&#x440;&#x435;&#x448;&#x43A;&#x43E;&#x434;&#x438; &#x442;&#x430; &#x440;&#x443;&#x445;&#x430;&#x43B;&#x438; &#x456;&#x441;&#x442;&#x43E;&#x440;&#x456;&#x44E;, &#x456; &#x43F;&#x435;&#x440;&#x435;&#x43A;&#x43E;&#x43D;&#x443;&#x454;: &#x43A;&#x43E;&#x43B;&#x438; &#x43B;&#x44E;&#x434;&#x441;&#x442;&#x432;&#x443; &#x437;&#x434;&#x430;&#x454;&#x442;&#x44C;&#x441;&#x44F;, &#x449;&#x43E; &#x443; &#x444;&#x456;&#x437;&#x438;&#x446;&#x456; &#x43C;&#x430;&#x439;&#x436;&#x435; &#x432;&#x441;&#x435; &#x432;&#x456;&#x434;&#x43A;&#x440;&#x438;&#x442;&#x43E;, &#x446;&#x435; &#x43E;&#x437;&#x43D;&#x430;&#x447;&#x430;&#x454;, &#x449;&#x43E; &#x432;&#x441;&#x435; &#x442;&#x456;&#x43B;&#x44C;&#x43A;&#x438; &#x43F;&#x43E;&#x447;&#x438;&#x43D;&#x430;&#x454;&#x442;&#x44C;&#x441;&#x44F;. </subfield>
  </datafield>
  <datafield tag="521" ind1=" " ind2=" ">
    <subfield code="a">&#x414;&#x43B;&#x44F; &#x448;&#x438;&#x440;&#x43E;&#x43A;&#x43E;&#x433;&#x43E; &#x43A;&#x43E;&#x43B;&#x430; &#x447;&#x438;&#x442;&#x430;&#x447;&#x456;&#x432;</subfield>
  </datafield>
  <datafield tag="546" ind1=" " ind2=" ">
    <subfield code="a">&#x443;&#x43A;&#x440;.</subfield>
  </datafield>
  <datafield tag="650" ind1=" " ind2=" ">
    <subfield code="a">&#x41D;&#x430;&#x443;&#x43A;&#x43E;&#x432;&#x43E;-&#x43F;&#x43E;&#x43F;&#x443;&#x43B;&#x44F;&#x440;&#x43D;&#x430; &#x43B;&#x456;&#x442;&#x435;&#x440;&#x430;&#x442;&#x443;&#x440;&#x430;</subfield>
  </datafield>
  <datafield tag="653" ind1=" " ind2=" ">
    <subfield code="a">&#x406;&#x441;&#x442;&#x43E;&#x440;&#x456;&#x44F; &#x434;&#x43E;&#x441;&#x43B;&#x456;&#x434;&#x456;&#x432;</subfield>
    <subfield code="a">&#x412;&#x456;&#x434;&#x43A;&#x440;&#x438;&#x442;&#x442;&#x44F;</subfield>
    <subfield code="a">&#x417;&#x430;&#x43A;&#x43E;&#x43D;&#x438;</subfield>
  </datafield>
  <datafield tag="655" ind1=" " ind2=" ">
    <subfield code="a">&#x41F;&#x440;&#x438;&#x440;&#x43E;&#x434;&#x43D;&#x438;&#x447;&#x456; &#x442;&#x430; &#x442;&#x43E;&#x447;&#x43D;&#x456; &#x43D;&#x430;&#x443;&#x43A;&#x438; </subfield>
  </datafield>
  <datafield tag="942" ind1=" " ind2=" ">
    <subfield code="2">udc</subfield>
    <subfield code="c">BK</subfield>
  </datafield>
  <datafield tag="999" ind1=" " ind2=" ">
    <subfield code="c">16757</subfield>
    <subfield code="d">16757</subfield>
  </datafield>
  <datafield tag="952" ind1=" " ind2=" ">
    <subfield code="0">0</subfield>
    <subfield code="1">0</subfield>
    <subfield code="2">udc</subfield>
    <subfield code="4">0</subfield>
    <subfield code="7">0</subfield>
    <subfield code="a">CMB</subfield>
    <subfield code="b">CMB</subfield>
    <subfield code="c">AB</subfield>
    <subfield code="d">2026-02-05</subfield>
    <subfield code="e">&#x41F;&#x43E;&#x434;&#x430;&#x440;&#x43E;&#x432;&#x430;&#x43D;&#x456;</subfield>
    <subfield code="i">80682</subfield>
    <subfield code="l">1</subfield>
    <subfield code="o">53</subfield>
    <subfield code="p">19138</subfield>
    <subfield code="q">2026-04-20</subfield>
    <subfield code="r">2026-03-21</subfield>
    <subfield code="s">2026-03-21</subfield>
    <subfield code="w">2026-02-10</subfield>
    <subfield code="y">BK</subfield>
  </datafield>
</record>
